Nombra tantos animes como puedas - Estadísticas

Estadísticas generales
  • Esta prueba ha sido intentada 169 veces
  • La puntuación promedio es 15 de 107
Estadísticas de respuestas
Respuesta % Correcto
Dragon ball
90%
Naruto
87%
One piece
83%
Bleach
62%
Kimetsu no yaiba
62%
Death note
61%
Jujutsu kaisen
59%
Shingeki no kyojin
50%
My hero academia
47%
Pokemon
46%
Hunter x Hunter
40%
Blue lock
35%
Tokyo Ghoul
35%
One punch man
32%
Digimon
30%
Black clover
29%
Chainsaw man
29%
Haikyuu
28%
Sword art online
28%
Monster
27%
Fairy tail
24%
Inazuma eleven
24%
Vinland saga
24%
Solo leveling
23%
Fire Force
21%
Neon Genesis Evangelion
20%
Your lie in april
20%
Cowboy Bebop
19%
Inuyasha
19%
Kuroko no basket
19%
Fullmetal alchemist: Brotherhood
18%
Spy x family
18%
Tokyo Revengers
18%
Re:zero
17%
Your name
17%
Hajime no ippo
15%
Yu-gi-oh
14%
Steins gate
13%
Akame ga Kill
12%
Baki
12%
Darling in the FranXX
11%
Gintama
11%
Beastars
10%
Oshi no ko
10%
Banana fish
9%
Konosuba
9%
Mob Psycho 100
9%
Ranma 1/2
9%
Saint Seiya
9%
Mushoku Tensei
8%
Assasination classroom
7%
Noragami
7%
Elfen lied
6%
Erased
6%
Gachiakuta
6%
Hell's paradise
6%
Mashle
6%
Sousou no frieren
6%
Violet Evergarden
6%
Soul eater
5%
Ashita no joe
4%
Cyberpunk edgerunners
4%
Kaguya-sama: love is war
4%
Mazinger Z
4%
Overlord
4%
Rent a girlfriend
4%
Sakamoto days
4%
Sono bisque doll
4%
Wind Breaker
4%
Bungo Stray Dogs
3%
Charlotte
3%
Kaiju n.8
3%
The apothecary diaries
3%
High school DxD
2%
Bakemonogatari
1%
Code geass: Lelouch of the rebellion
1%
Devil May Cry
1%
Domestic girlfriend
1%
Dragon quest
1%
Komi can't comunicate
1%
Lazarus
1%
Look Back
1%
Tengen toppa Gurren Lagann
1%
The eminence in shadow
1%
Tougen anki
1%
Yofukashi no uta
1%
Yo-kai Watch
1%
After school Hanako-kun
0%
Code geass: Rozé y la reconquista
0%
Dagashi Kashi
0%
Don't toy with me miss Nagatoro
0%
El cuento de la princesa Kaguya
0%
I got reincarnated as a slime
0%
I was reincarnated as the 7th prince so i can take my time perfecting my magical ability
0%
Miss Kobayashi's dragon maid
0%
My deer friend
0%
Ninja Kamui
0%
Rurouni Kenshin
0%
Summertime render
0%
Tenku Shinpan
0%
The god of high school
0%
The rising of the hero shield
0%
Tower of god
0%
Tsukimichi moonlit fantasy
0%
Uzaki-chan wa asobitai
0%
Yuu Yuu Hakusho
0%
Zom 100
0%
No se encontraron pruebas coincidentes
Distribución de puntuación
Porcentaje de gente con cada puntuación
Porcentaje por número respondido
Historial de tus puntuaciones
No has intentado esta prueba.